MDQL
is popping MORE tags! Check the
thread
!
Quizzes
Events
Quiz Creation
Community
Videos
Private Events
Remove Ads
Sign In
Join for FREE
Feedback
Dark Mode
Quiz Categories
Sports
Geography
Music
Movies
Television
Just For Fun
Miscellaneous
History
Literature
Language
Science
Gaming
Entertainment
Religion
Holiday
For Kids
Quiz Lab
Recent
Popular Today
Quiz Kudos Today
Editor Picks
Curator Picks
Quizzes by...
Day
Popularity
Type
Ratings
Length
Year
Community
Subscriptions
Recent Discussions
Orange Saloon
Badges
Playlists
Quests
Create
Leaderboards
Showdown
Live 5
Trivia Bingo
Activity
Puzzle Library
Sporcle Events
Private Events
Virtual Trivia
Globe League
Become a Host
Pub Owners
SporcleCon
Opinionation
Our Games
Videos
Blog
Mobile Apps
Partnerships
Remove Ads and Go Orange
Feedback
Television
TV Characters
TV Show
Sitcom
Network
Friends
Reality Shows
Cast
South Park
Star Trek
The Simpsons
Doctor Who
Television
TV Characters
TV Show
Sitcom
Network
Friends
Reality Shows
Cast
South Park
Star Trek
The Simpsons
Doctor Who
Random Quiz
Search Sporcle
×
Quiz Lab
Quiz Lab
Television
TV Show
Type in answers that appear in a list
Type in answers that appear in a list
Classic
Best Score? Go Orange.
Can you name the tv parents based on their tv children? Stats
Can you name the Can you name the tv parents based on their tv children??
By
mysticfrog
15m
21 Questions
233 Plays
233 Plays
233 Plays
Comments
Comments
Give Quiz Kudos
Give Quiz Kudos
-
- Ratings
hide this ad
Replay
Link that replays current quiz
Next Quiz
Link to next quiz in quiz playlist
You Got
0%
They Got
Avg Score
39%
Avg Friend Score
Upgrade to see
Score Distribution
Jump to the score distribution portion of the page
Score
0/21
Timer
15:00
0
Plays Today
Children
Parents
% Correct
Bart, Lisa, and Maggie
Homer and Marge Simpson
87.1%
Greg, Marcia, Peter, Jan, Cindy, and Bobby
Mike and Carol Brady
63.9%
Meg, Chris, and Stewie
Peter and Lois Griffin
62.2%
Ally, Geoffrey, and Michael
Raymond and Debra Barone
60.9%
D.J., Stephanie, and Michelle
Danny and Pam Tanner
60.5%
Kelly and Bud
Al and Peggy Bundy
58.4%
Sondra, Denise, Theo, Vanessa, and Rudy
Cliff and Clair Huxtable
58.4%
Lori and Eric
Red and Kitty Foreman
44.6%
Becky, Darlene, D.J., and Jerry
Dan and Roseanne Conner
42.5%
Brad, Randy, and Mark
Tim and Jill Taylor
41.6%
Eric, Cory, Morgan, and Joshua
Alan and Amy Matthews
40.8%
Children
Parents
% Correct
Mike, Carol, Ben, and Chrissy
Jason and Maggie Seaver
29.6%
Hilary, Carlton, Ashley, and Nicky
Philip and Vivian Banks
28.3%
Bridget, Kerry, and Rory
Paul and Cate Hennessy
25.3%
Matt, Mary, Lucy, Simon, Ruthie, Sam, and David
Eric and Annie Camden
25.3%
PJ, Teddy, Gabe, and Charlie (exp. again)
Bob and Amy Duncan
21.5%
Carmen and Max
George and Angie Lopez
21%
Justin, Alex, and Max
Jerry and Theresa Russo
16.7%
Jr., Claire, and Kady
Michael and Jay Kyle
16.3%
Lily, Jimmy, Henry, and Gracie
Sean and Claudia Finnerty
15%
Chris, Drew, and Tonya
Julius and Rochelle Rock
14.6%
Quiz Playlist
Details
Report
Send in Message
Add To Playlist
Classic:
Type in answers that appear in a list
Last Updated: Feb 16, 2017
Quiz Scoreboard
CHALLENGE
Sign Up to Join the Scoreboard
Show All
Scores
Hide
Comments
May contain spoilers
Recently Published
1-10 Letter E Words III
by El_Dandy
Language
2m
Street Fighter Characters
by Artimus82
Gaming
60s
College Basketball Coaching Resumes
by pancakes188
Sports
9m
More to Explore
Quiz From the Vault
Featured Blog Post
Where Did the Easter Bunny Come From?
hide this ad
You Might Also Like...
Tags
Sitcom Quiz
TV Show Quiz
Child Names
Children
Family
parent
Parent Names
Television Stars
Today's Top Quizzes in Television
Browse Television
hide this ad
Today's Top Quizzes in TV Show
Browse TV Show
Top Contributed Quizzes in Television
1
Survivor Journey Challenge
2
Adjectives in 80s TV Shows
3
Adjectives in 00s TV Shows
4
5-to-1: The Simpsons Families
5
5-to-1: Television Doctors
6
Adjectives in 10s TV Shows
7
7-to-1: TV Show Settings
8
Adjectives in 70s TV Shows
9
5-to-1: Streaming Originals
10
Survivor Seasons
Explore More
Trending Topics
Marvel
Crossword
Disney
Kpop
Anime
NBA
Harry Potter
Country
NFL
The Office
Song
Puzzle
Soccer
WWE
Pokémon
hide this ad
More By:
mysticfrog
Quiz
Plays
Rating
Category
Featured
Created
Supernatural Trivia (Season 1)
1,478
3.00
Television
Oct 26, 2012
Switched at Birth Trivia
1,365
2.25
Television
Mar 6, 2012
Which Dan Schneider character is this?
1,005
3.00
Television
Jan 16, 2012
16 & Pregnant Babies
886
Television
May 31, 2012
Teen Mom Families
885
Television
Nov 18, 2013
Go to Creator's Profile
Score Distribution
Quiz Creator Spotlight
mysticfrog
Follow
Send a Message
Quizzes Created
-
Created Quiz Play Count
-
More By This Creator
Popular Quizzes Today
1
Find the US States - No Outlines Minefield
2
Find the Countries of Europe - No Outlines Minefield
3
The Countries of the World
4
Find the US States
5
Risky Map Clicking: Biggest States A-Z
6
US States
7
Popular People in 1961
8
Movies - When Are They Set?
More Television Quizzes
British TV Theme Songs
Published
Trending Quizzes
Risky Map Clicking: Least Populous States A-Z
1-10 Letter G Words
USA Borders Longest to Shortest
1-10 Letter F Words
Countries of the World: 200 Million BC
Recently Updated
Leaping Animals
pecheneg
Reality TV Shows (A-Z)
bhenderson79
Rickey Henderson's Hall of Fame Teammates
pecheneg
Champions League XIs: Arsenal
pecheneg
Quick Pick: Celebrities in WWE's Hall of Fame
aduchscher
A-Z Keypad Blitz II
pecheneg
Multiple Oscar Actors
pecheneg
Mystery Phrase Blitz: Oscar 'Best Actors'
pecheneg
F. Scott Fitzgerald Novels
LTH
Pick 3 Villains
ddd62291
Trending Topics
Harry Potter
Crossword
Kpop
Anime
NBA
Marvel
Disney
The Office
Country
Pokémon
Puzzle
WWE
NFL
Soccer
Song
Your Account Isn't Verified!
In order to create a playlist on Sporcle, you need to verify the email address you used during registration. Go to your
Sporcle Settings
to finish the process.
Report this User
Report this user for behavior that violates our
Community Guidelines
.
Details:
Send Report
Go to the Sporcle.com Mobile Site →
Comments